00804nam a2200205Ia 4500008004100000020001500041050002400056100004000080245006600120250001900186260003400205300001900239336001000258337001400268338001200282505020700294650001600501700004500517700003600562120720t19862006xx 000 0 spa d a968664217X aLB1025.2 bP35 2006 aPansza González, Margaritaeautor aOperatividad de la Didactica c / Margarita Pansza González a11a. edición aMéxico b : Gernikac, 2006 a127 páginas  atexto asin medio avolumen aElaboración de programas Propuesta de una metodología en la perspectiva Propuesta de evaluación y acreditación del proceso enseñanza-aprendizaje en la perspectiva de la didáctica crítica 10aENSEÑANZA aPérez Juárez, Esther Carolinaeautor aMorán Oviedo, Porfirioeautor